| 000 | 00738nam a2200205 a 4500 | ||
|---|---|---|---|
| 005 | 20240924065431.0 | ||
| 008 | 030228s2002 mx r 000 0 spa d | ||
| 020 | _a9707012102 | ||
| 035 | _aUPN01000122289 | ||
| 049 | _aCG | ||
| 050 | 4 |
_aLC177 M6 _bM4.7 |
|
| 100 | 1 |
_aMendoza Rojas, Javier _929304 |
|
| 245 | 1 | 0 |
_aTransición de la educación superior contemporánea en México : _bde la planeación al Estado evaluador / _cJavier Mendoza Rojas. |
| 260 |
_aMéxico : _bUNAM, Centro de Estudios Sobre la Universidad : _bM. A. Porrúa, _c2002. |
||
| 300 | _a374 p. | ||
| 440 | 0 | _aProblemas educativos de México | |
| 650 | 4 |
_aEducación superior y Estado _zMéxico _95951 |
|
| 650 | 4 |
_aEducación superior _zMéxico _94968 |
|
| 905 | _aLibro | ||
| 999 |
_c94486 _d94486 |
||